Management: concept and content: an overview (Record no. 341781)

000 -LEADER
fixed length control field 00418cam a22001337a 4500
008 - FIXED-LENGTH DATA ELEMENTS--GENERAL INFORMATION
fixed length control field 180718b1977 xxu||||| |||| 00| 0 eng d
082 ## - DEWEY DECIMAL CLASSIFICATION NUMBER
Classification number I5 B469
100 ## - MAIN ENTRY--PERSONAL NAME
Personal name Bhattacharyya, K.N.
245 ## - TITLE STATEMENT
Title Management: concept and content: an overview
Statement of responsibility, etc. by K. N. Bhattacharyya
260 ## - PUBLICATION, DISTRIBUTION, ETC.
Place of publication, distribution, etc. Calcutta
Name of publisher, distributor, etc. World Press
Date of publication, distribution, etc. 1977
300 ## - PHYSICAL DESCRIPTION
Extent 150p.
650 ## - SUBJECT ADDED ENTRY--TOPICAL TERM
Topical term or geographic name entry element Mainstreaming in education
650 ## - SUBJECT ADDED ENTRY--TOPICAL TERM
Topical term or geographic name entry element Children with disabilities --Education
Holdings
Withdrawn status Lost status Damaged status Not for loan Permanent Location Current Location Date acquired Full call number Barcode Date last seen Price effective from Koha item type
        Indian Institute of Public Administration Indian Institute of Public Administration 1993-09-20 I5 B469 52647 2018-07-21 2018-07-21 Book

Powered by Koha